|
|
|
|
| LEADER |
00957naa a2200241 i 4500 |
| 001 |
acta78892 |
| 005 |
20230518115014.0 |
| 008 |
230518s2023 hu o 1|| eng d |
| 024 |
7 |
|
|a 10.14232/syrmpnpr.2023.11
|2 doi
|
| 040 |
|
|
|a SZTE Egyetemi Kiadványok Repozitórium
|b hun
|
| 041 |
|
|
|a eng
|
| 100 |
1 |
|
|a Chang Ching-Chia
|
| 245 |
1 |
0 |
|a Bioactive components from Epicoccum sorghinum
|h [elektronikus dokumentum] :
|b [abstract] /
|c Chang Ching-Chia
|
| 260 |
|
|
|c 2023
|
| 300 |
|
|
|a 17
|
| 490 |
0 |
|
|a Symposium of Young Researchers on Pharmacognosy
|v 4
|
| 650 |
|
4 |
|a Természettudományok
|
| 650 |
|
4 |
|a Kémiai tudományok
|
| 695 |
|
|
|a Növénybetegségek - gombák - előadáskivonat, Növénykémia - előadáskivonat
|
| 700 |
0 |
1 |
|a Hohmann Judit
|e aut
|
| 700 |
0 |
1 |
|a Chang Fang-Rong
|e aut
|
| 711 |
|
|
|a Symposium of Young Researchers on Pharmacognosy (4.)
|c Szeged
|d 2023
|
| 856 |
4 |
0 |
|u http://acta.bibl.u-szeged.hu/78892/1/syrpharmacognosy_2023_017.pdf
|z Dokumentum-elérés
|